| 000 | 00927nas a2200313 4500 | ||
|---|---|---|---|
| 001 | BR2012002907 | ||
| 003 | BR-BrBNA | ||
| 005 | 20231205120456.0 | ||
| 007 | ta | ||
| 008 | 230509b bl.|||p| |||| 00| 00por d | ||
| 040 |
_aBR-BrBNA _bpor _cBiblioteca Nacional de Agricultura |
||
| 041 | _a(En) | ||
| 072 | _aF03; J10 | ||
| 100 | 1 | _aKrzyzanowski, F.C. | |
| 100 | 1 | _aFranca Neto, J. de B. | |
| 100 | 1 | _aMandarino, J.M.G. | |
| 100 | 1 | _aKaster, M. | |
| 245 | 1 | _aEvaluation of lignin content of soybean seed coat stored in a controlled environment | |
| 650 | _aSOJA | ||
| 650 | _aSEMENTE | ||
| 650 | _aLIGNINA | ||
| 650 | _aTEGUMENTO | ||
| 650 | _aARMAZENAMENTO | ||
| 650 | _aQUALIDADE | ||
| 650 | _aMELHORAMENTO VEGETAL | ||
| 773 | 0 |
_tRevista Brasileira de Sementes (Brazil) _xISSN 0101-3122 _g(Aug 2008), v. 30(2) p. 220-223 _wBR2012002907 |
|
| 909 |
_a202311 _bLúcia _c55 _dLúcia Elande |
||
| 942 |
_2AGRIS _n0 _cANA |
||
| 999 |
_c218702 _d218702 |
||